| 000 | 00700nam a22002297c 4500 | ||
|---|---|---|---|
| 001 | a5225428 | ||
| 003 | CO-ViMGA | ||
| 005 | 20230915225027.0 | ||
| 008 | 120621s2008 sp a | |||| 000 1 spa | ||
| 020 | _aISBN 9788426136534 | ||
| 040 |
_aCO-ViMGA _bspa _cCO-ViMGA |
||
| 041 | 1 | _heng | |
| 090 |
_aC _bTHOy |
||
| 100 | 1 |
_aThomas, Pat _d1959- _9499 |
|
| 245 | 1 | 0 |
_aYo no he sido : _bhablemos de la sinceridad y la honradez _cPat Thomas ; con ilustraciones de Lesley Harker ; [traduccin̤, Maria Luccetti Bochaca] |
| 250 | _a1® ed. | ||
| 260 |
_aBarcelona _bJuventud _c2008 |
||
| 300 |
_a29 p. _bil. col. _c22 x 24 cm |
||
| 490 | 0 | _aHablemos de-- | |
| 700 | 1 |
_aHarker, Lesley _9500 |
|
| 942 |
_2ddc _cBK |
||
| 999 |
_c12131 _d12131 |
||